000 00819nam a2200253Ia 4500
003 OSt
005 20221005085538.0
006 a|||||r|||| 00| 0
007 ta
008 221004b |||||||| |||| 00| 0 eng d
024 _a27635
037 _cTextual
040 _aCRL
_cCRL
_beng
041 _2eng
_aeng
082 _aB9:6vaN, M2
100 _aDevorkin David H
_9614299
245 0 _aHistory of modern astronomy and astrophysics
_b A selected annotated bibliography
260 _aNew York
_bGarland Publishing
_c1982
300 _a434p
_ccm.
490 _a(BIbliographies of the history of science and technology , 1 ) ( Garland reference library of the humanities , 304)
650 _aMATHEMATICS
942 _hB9:6vaN, M2
_cTEXL
_2cc
999 _c994377
_d994377